01346nam a2200325 a 4500001001200000003000800012006001900020007001500039008004100054020001800095020002700113040002100140035002100161043001200182050002300194100002500217245013500242260003400377300001700411490006400428504005100492533015200543650002900695651004500724655002900769710001700798830006200815856012600877999001701003ebr10554325CaPaEBRm u cr cn|||||||||120502s2012 enk sb 001 0 eng d z9781848859982 z9780857720672 (e-book) aCaPaEBRcCaPaEBR a(OCoLC)781629184 au-at---14aDU116b.W38 2012eb1 aWaters, Christopher.10aAustralia and appeasementh[electronic resource] :bimperial foreign policy and the origins of World War II /cChristopher Waters. aLondon :bI.B. Tauris,c2012. aviii, 310 p.1 aInternational library of twentieth century history ;vv. 53 aIncludes bibliographical references and index. aElectronic reproduction.bPalo Alto, Calif. :cebrary,d2011.nAvailable via World Wide Web.nAccess may be limited to ebrary affiliated libraries. 0aIsolationismzAustralia. 0aAustraliaxForeign relationsy1900-1945. 7aElectronic books.2local2 aebrary, Inc. 0aInternational library of twentieth century history ;v53.40uhttp://site.ebrary.com/lib/rucke/Doc?id=10554325zAn electronic book accessible through the World Wide Web; click to view c91337d91337